000 00217nam a2200097Ia 4500
005 20251222114415.0
008 251222s1900||||xx |||||||||||||| ||spa||
082 _aDVD0111/L27/Ej.2
245 0 _aToy story 2:
942 _cDVD
999 _c2176
_d2176